Načítá se...

Alankar sameeksha/

Podrobná bibliografie
Hlavní autor: Laxminarayana
Další autoři: Chandrashekhar (ed.)
Médium: Printed Book
Vydáno: Delhi: Nag, 1997.
Témata:
LEADER 00777nam a22001931a 4500
020 |a 9788170813460 
082 |a S 491.25  |b LAK/A 
100 |a Laxminarayana  |9 134178 
245 |a Alankar sameeksha/  |c by Laxminarayana. 
260 |a Delhi:  |b Nag,  |c 1997. 
300 |a 554p. 
650 |a Grammar Sanskrit  |9 134179 
650 |a Language Sanskrit  |9 134180 
650 |a Language  |9 134181 
700 |a Chandrashekhar (ed.)  |9 134182 
942 |c BK 
999 |c 1642  |d 1642 
952 |0 0  |1 0  |4 0  |6 S_491_250000000000000_LAK_A  |7 0  |9 2591  |a SSUS  |b SSUS  |d 2015-01-08  |g 0.00  |l 1  |o S 491.25 LAK/A  |p 018988  |r 2017-02-27  |s 2017-02-15  |v 0.00  |w 2015-01-08  |y BK 
952 |0 0  |1 0  |4 0  |6 S_491_250000000000000_LAK_A  |7 0  |9 2592  |a SSUS  |b SSUS  |d 2015-01-08  |g 113.00  |l 1  |o S 491.25 LAK/A  |p 012966  |r 2017-01-31  |s 2017-01-13  |v 0.00  |w 2015-01-08  |y BK